| 000 | 00856nam a2200253 a 4500 | ||
|---|---|---|---|
| 001 | 841 | ||
| 003 | BR-CuiBMT | ||
| 005 | 20231121035944.0 | ||
| 008 | 230818s2005 mgba 001 0 por d | ||
| 020 | _a8589148726 | ||
| 040 |
_aBR-CuiBMT _cBR-CuiBMT |
||
| 080 |
_22007 _a35.082 |
||
| 090 |
_a35.082 _bO48s _c2. ed. |
||
| 100 | 1 |
_aOliveira, Antônio Flávio de, _d1964- |
|
| 245 | 1 | 0 |
_aServidor público : _bremoção, cessão, enquadramento e redistribuição / _cAntônio Flávio de Oliveira. |
| 250 | _a2. ed., rev. e ampl. | ||
| 260 |
_aBelo Horizonte : _bFórum, _c2005. |
||
| 300 |
_a333 p. : _bil. ; _c21 cm |
||
| 504 | _aInclui bibliografia e índice. | ||
| 650 |
_aDireito administrativo _xServidor público _zBrasil |
||
| 650 |
_aDireito constitucional _xFuncionalismo público _zBrasil |
||
| 650 |
_aServidor púbico _xEstatutos |
||
| 942 |
_2udc _cLV |
||
| 999 |
_c841 _d841 |
||